书目信息 |
| 题名: |
太阳风暴的监测与预报
|
|
| 作者: | 龚建村 主编 ;总装备部电子信息基础部 编 | |
| 分册: | ||
| 出版信息: | 北京 国防工业出版社 2016.02 |
|
| 页数: | 266页 | |
| 开本: | 26cm | |
| 丛书名: | 《太阳风暴影响与应对措施》科普丛书 | |
| 单 册: | ||
| 中图分类: | P182.9 | |
| 科图分类: | ||
| 主题词: | 太阳活动--监测 , 太阳活动--预报 , 太阳活动--监测 , 太阳活动--预报 | |
| 电子资源: | ||
| ISBN: | 978-7-118-08449-8 | |
| 000 | 01200nam0 2200313 450 | |
| 001 | 661 | |
| 005 | 20160908104637.65 | |
| 005 | 20131010150304.0 | |
| 005 | 20131023165406 | |
| 010 | @a978-7-118-08449-8@dCNY40.00 | |
| 100 | @a20121031d2016 em y0chiy0110 ea | |
| 101 | 0 | @achi |
| 102 | @aCN@b110000 | |
| 105 | @aa z 001yy | |
| 200 | 1 | @a太阳风暴的监测与预报@9tai yang feng bao de jian ce yu yu bao@b专著@f龚建村主编@g总装备部电子信息基础部[编] |
| 210 | @a北京@c国防工业出版社@d2016.02 | |
| 215 | @a266页@c图@d26cm | |
| 225 | 2 | @a《太阳风暴影响与应对措施》科普丛书 |
| 330 | @a本书分为两篇11章,内容包括:太阳风暴源头监测——太阳活动监测、太阳风暴传输监测——行星际监测、太阳风暴传输监测——行星际监测、太阳风暴影响监测之一——磁层扰动监测、太阳风暴预报应需而生、太阳风暴预报概述等。 | |
| 461 | 0 | @12001 @a《太阳风暴影响与应对措施》科普丛书 |
| 606 | 0 | @a太阳活动@x监测 |
| 606 | 0 | @a太阳活动@x预报 |
| 606 | @a太阳活动@x监测 | |
| 606 | @a太阳活动@x预报 | |
| 690 | @aP182.9@v5 | |
| 701 | 0 | @a龚建村@9gong jian cun@4主编 |
| 712 | 02 | @a总装备部电子信息基础部@9zong zhuang bei bu dian zi xin xi ji chu bu@4编 |
| 801 | 0 | @aCN@b唐山师范学院图书馆@c20160723 |
| 905 | @aZUCC@dP182.9@e170 | |
| 太阳风暴的监测与预报/龚建村主编/总装备部电子信息基础部[编].-北京:国防工业出版社,2016.02 |
| 266页:图;26cm.-(《太阳风暴影响与应对措施》科普丛书) |
| ISBN 978-7-118-08449-8:CNY40.00 |
| 本书分为两篇11章,内容包括:太阳风暴源头监测——太阳活动监测、太阳风暴传输监测——行星际监测、太阳风暴传输监测——行星际监测、太阳风暴影响监测之一——磁层扰动监测、太阳风暴预报应需而生、太阳风暴预报概述等。 |
| ● |
| 相关链接 |
|
|
|
|
正题名:太阳风暴的监测与预报
索取号:P182.9/170
 
预约/预借
| 序号 | 登录号 | 条形码 | 馆藏地/架位号 | 状态 | 备注 |
| 1 | 902905 | 209029059 | 第二样本阅览室/ [索取号:P182.9/170] | 在馆 | |
| 2 | 902906 | 209029068 | 第三借阅区/ [索取号:P182.9/170] | 在馆 | |
| 3 | 902907 | 209029077 | 第三借阅区/ [索取号:P182.9/170] | 在馆 | |
| 4 | 902908 | 209029086 | 第三借阅区/ [索取号:P182.9/170] | 在馆 | |
| 5 | 902909 | 209029095 | 第三借阅区/ [索取号:P182.9/170] | 在馆 |